| 000 | 00941cam a2200229 4500 | ||
|---|---|---|---|
| 001 | WB4015-06 | ||
| 008 | 040421n2004 000 0 eng u | ||
| 035 | _a(Sirsi) u125895 | ||
| 245 | _aBudapest research forum | ||
| 260 | _c2004 | ||
| 490 |
_aDTZ RESEARCH _v April 2004 (1) |
||
| 520 | _aLatest figures from the Budapest Research Forum for the first three months of 2004 saw office take-up reaching almost 55 000 m sq. This was the highest quarterly take-up in the last three years. Due to the high level of take-up, the vacancy rate dropped to 18.9% by the close of March. This is the lowest vacancy rate since the late 1990s. The report is available to download free of charge at http://www.dtzresearch.com/. | ||
| 590 | _aWB | ||
| 590 | _aWB | ||
| 650 | _aBUDAPEST | ||
| 650 | _aTAKE-UP | ||
| 650 | _aVACANCY RATES | ||
| 650 | _aNEW BUILDINGS | ||
| 650 | _aEUROPE | ||
| 690 | _aCOMMERCIAL PROPERTY-MARKET | ||
| 942 | _n0 | ||
| 999 |
_c117224 _d117224 |
||